Cuestiones de lógica.
Збережено в:
| Автор: | |
|---|---|
| Інші автори: | |
| Формат: | Книга |
| Мова: | Англійська |
| Опубліковано: |
México, D.F., México:
Universidad Nacional Autónoma de México,
1987.
|
| Редагування: | Primera edición. |
| Серія: | Colección Estudios Clásicos (Instituto de Investigaciones Filosóficas).
|
| Предмети: | |
| Теги: |
Додати тег
Немає тегів, Будьте першим, хто поставить тег для цього запису!
|
MARC
| LEADER | 00000nam a22000007a 4500 | ||
|---|---|---|---|
| 003 | CL-VaPUC | ||
| 005 | 20220822114851.0 | ||
| 008 | 220810t1987 ||||| |||| 00| 0 eng d | ||
| 999 | |c 438215 |d 438213 | ||
| 020 | |a 968-837-516-0 | ||
| 040 | |c Pontificia Universidad Católica de Valparaíso | ||
| 082 | |2 22 |a 160 JUA 1987 | ||
| 100 | |9 319466 |a Juan de Santo Tomás |e autor | ||
| 245 | |a Cuestiones de lógica. | ||
| 250 | |a Primera edición. | ||
| 260 | |a México, D.F., México: |b Universidad Nacional Autónoma de México, |c 1987. | ||
| 300 | |a 255 páginas. | ||
| 490 | |a Colección Estudios Clásicos (Instituto de Investigaciones Filosóficas). | ||
| 500 | |a c.1 Donación Familia Prof. Alejandro Guzmán Brito. | ||
| 583 | |c 20220810 |k Yessy Sthefany Diaz Vidal | ||
| 650 | 0 | |9 256849 |a Lógica |x Historia | |
| 700 | |9 875268 |a Beuchot, Mauricio |e introducción |e traducción |e notas | ||
| 942 | |2 ddc |c BK |n 0 | ||
| 952 | |0 0 |1 0 |2 ddc |4 0 |6 160_000000000000000_JUA_1987 |7 1 |8 C_AGB |9 586095 |a BIBDER |b BIBDER |d 2022-08-10 |e Donación |i 5653945 |o 160 JUA 1987 |p 5653945 |r 2023-01-25 |t 1 |w 2022-08-10 |y BK_US |k AGB | ||